[Event "DOM-chT"]
[Site "Santiago de los Caballeros"]
[Date "2017.08.17"]
[Round "1.1"]
[White "Martinez Castillo, Julio Antonio"]
[Black "De la Cruz, Manuel"]
[Result "1-0"]
[WhiteElo "2175"]
[BlackElo "1883"]
[PlyCount "105"]
[EventDate "2017.08.17"]
[EventType "team-swiss"]
[EventRounds "6"]
[EventCountry "DOM"]
[SourceTitle "EXT 2019"]
[Source "ChessBase"]
[SourceDate "2018.10.10"]
[SourceVersion "1"]
[SourceVersionDate "2018.10.10"]
[SourceQuality "1"]
[WhiteTeam "Hato Mayor"]
[BlackTeam "San Cristobal"]
[WhiteTeamCountry "DOM"]
[BlackTeamCountry "DOM"]

1. e4 e5 2. Nf3 Nf6 3. d4 Nxe4 4. Bd3 d5 5. Nxe5 Nf6 6. 0-0 Be7 7. Bg5 Nc6 8. Nxc6 bxc6 9. Re1 0-0 10. Qe2 Be6 11. Nd2 Re8 12. Nf3 h6 13. Bh4 Nd7 14. Bg3 Rb8 15. c3 Bg4 16. h3 Bxf3 17. gxf3 Bd6 18. Qc2 Bxg3 19. fxg3 Qg5 20. Kf2 Nf6 21. h4 Qh5 22. Rh1 Re6 23. Bf5 Rxb2 24. Qxb2 Qxf5 25. Kg2 Nh5 26. Qb8+ Kh7 27. Qb1 Re2+ 28. Kg1 Nxg3 29. Rh2 Re3 30. Qxf5+ Nxf5 31. Rc1 Rxf3 32. Rf2 Nxh4 33. Rxf3 Nxf3+ 34. Kf2 Nd2 35. Ke3 Nc4+ 36. Kf4 Kg6 37. Re1 Kf6 38. Re8 h5 39. Rg8 Nd6 40. Ra8 g5+ 41. Kf3 Kf5 42. Rxa7 g4+ 43. Kg2 h4 44. Rxc7 h3+ 45. Kh2 f6 46. a4 Ne4 47. a5 Ng5 48. Rxc6 Nf3+ 49. Kg3 h2 50. Kg2 g3 51. Rxf6+ Kxf6 52. a6 Nd2 53. a7 1-0